000 00772nam a2200265Ia 4500
003 OSt
005 20221006160256.0
006 a|||||r|||| 00| 0
007 ta
008 221006b |||||||| |||| 00| 0 eng d
020 _a9781574412819
_c
_24.95
024 _a44,796
037 _bgift, Window on Korea
_cTextual
040 _aEASL
_cEASL
_beng
041 _2eng
_aeng
082 _aV42:1973.N9, Q0
100 _aWOLK Herman S.
_9672757
245 0 _aCataclysm
_b General hap Arnold and the defeat of Japan
260 _aDenton
_bUniversity of North Texas Press
_c2010
300 _a314p.
_ccm.
490 _v JEL
650 _aJEL
942 _hV42:1973.N9, Q0
_cTEXL
_2CC
999 _c1112888
_d1112888